UBT Library

Modern school mathematics: structure and method (Record no. 44478)

000 -LEADER
fixed length control field 00550cam a2200205 4500
001 - CONTROL NUMBER
control field 3655141
005 - DATE AND TIME OF LATEST TRANSACTION
control field 20180308075024.0
008 - FIXED-LENGTH DATA ELEMENTS--GENERAL INFORMATION
fixed length control field 720504s1972 maua 001 0 eng
010 ## - LIBRARY OF CONGRESS CONTROL NUMBER
LC control number 76178250
020 ## - INTERNATIONAL STANDARD BOOK NUMBER
International Standard Book Number 039513742X (v. 1)
040 ## - CATALOGING SOURCE
Original cataloging agency DLC
Transcribing agency DLC
Modifying agency DLC
041 ## - LANGUAGE CODE
Language code of text/sound track or separate title eng
080 ## - UNIVERSAL DECIMAL CLASSIFICATION NUMBER
Universal Decimal Classification number 372.73045 DOL
082 00 - DEWEY DECIMAL CLASSIFICATION NUMBER
Classification number 372.73045 DOL
100 ## - Rafti
Rafti 25
101 ## - Shkurtesa
Shkurtesa EDU
245 00 - TITLE STATEMENT
Title Modern school mathematics: structure and method
Statement of responsibility, etc [by] Mary P. Dolciani [and others]
906 ## - LOCAL DATA ELEMENT F, LDF (RLIN)
a 7
b cbc
c orignew
d 2
e ncip
f 19
g y-gencatlg
942 ## - ADDED ENTRY ELEMENTS (KOHA)
Source of classification or shelving scheme
Item type Books
Holdings
Withdrawn status Lost status Source of classification or shelving scheme Damaged status Not for loan Collection code Permanent location Current location Shelving location Date acquired Total Checkouts Full call number Barcode Date last seen Price effective from Koha item type
          Koleksioni i përgjithshem UBT - Lipjan UBT - Lipjan Koleksioni i përgjithshem 03/08/2018   372.73045 DOL 002-3001060 03/08/2018 03/08/2018 Books
UBT Library © 2015-2024. All rights reserved University Education for Business and Technology